000 00350 a2200169 4500
001 56734
020 _a9788535707724
040 _cAnchieta - Pituba
100 _aStoker, Bram
240 1 0 _aTrês terrores
_lpor
245 1 0 _aTrês terrores
300 _a120
362 0 _a2007
440 1 _aAtual
650 4 _aLiteratura juvenil
942 _cBK
999 _c56734
_d56734